000
00288nam a22001337a 4500
008
170519b xxu||||| |||| 00| 0 eng d
020
_a
0679724672
041
_a
eng
080
_2
2ND
_a
94
100
_a
16
101
_a
SHH
245
_a
THE BLACK JACOBINS
_c
JAMES,G.L
942
_2
udc
_c
BK
999
_c
13566
_d
13566